000
00184nam a2200085 4500
001
1234063
005
20250926110546.0
245
_a
GİZEM VE UZAY ARILARI
_c
TÜBİTAK
260
_b
TÜBİTAK
999
_c
1234063
_d
1234063